Statistiques concernant Logos Aléatoires

Cliquez ici pour prendre le quiz!

Statistiques générales

  • Ce quiz a été pris 245 fois
    (220 depuis la dernière actualisation)
  • Le résultat moyen est 13 sur 16

Statistiques - réponses

Réponse% Correct
Adidas
100%
Amazon
100%
Android
100%
Apple
100%
Auchan
100%
Audi
100%
Barbie
100%
Bic
100%
BMW
100%
BNP
100%
Converse
100%
Cristaline
100%
Disney
100%
Dominos
100%
Doritos
100%
Ebay
100%
EDF
100%
Facebook
100%
Fanta
100%
FC Barcelone
100%
Ferrari
100%
Fila
100%
Heinz
100%
Instagram
100%
Lacoste
100%
Lays
100%
Leroy Merlin
100%
Levi's
100%
LG
100%
Lipton
100%
Louis Vuitton
100%
MasterCard
100%
Mc Donald's
100%
Mercedes
100%
Nerf
100%
Nike
100%
Nissan
100%
Nivea
100%
Oasis
100%
Orange
100%
Orangina
100%
Oréo
100%
Pampers
100%
Panzani
100%
PayPal
100%
Pepsi
100%
Pinterest
100%
Pizza Hut
100%
PlayStation
100%
Puma
100%
Red Bull
100%
Renault
100%
Ricard
100%
Rolex
100%
Samsung
100%
Spotify
100%
SubWay
100%
Twitter
100%
Vans
100%
Visa
100%
Wikipédia
100%
Yahoo
100%
Youtube
100%
Yves Rocher
100%
Yves Saint Laurent
100%
KFC
95%
Netflix
95%
TikTok
95%
Citroën
94%
Coca-Cola
94%
Eastpack
94%
Free
94%
Starbuck
94%
Burger King
93%
Monopoly
93%
Avenger
92%
Carrefour
92%
Evian
92%
Google
92%
Kinder
92%
Le Chat
92%
Michelin
92%
Milka
92%
Snapchat
92%
Toyota
92%
Whatsapp
92%
Word
92%
Carambar
91%
Chanel
91%
Dove
91%
Jaguar
91%
Porsche
91%
Lidl
90%
Microsoft
90%
NBA
90%
New Balance
90%
Charal
89%
Chupa Chups
89%
IKEA
89%
Monster
89%
Nintendo
89%
Peugeot
89%
Crédit Agricole
88%
Heineken
88%
Lego
88%
Nespresso
88%
Pringles
88%
Seat
88%
Xbox
88%
Ups
87%
Aldi
86%
Gucci
86%
Tommy Hilfiger
86%
Tripadvisor
86%
Vache Qui Rit
86%
AirBnb
85%
Ben & Jerry's
85%
Société Général
85%
Fiat
83%
Opel
83%
Schweppes
83%
Amora
82%
Asics
82%
Firefox
82%
Oral-B
82%
Danone
80%
Bugatti
78%
Côte d'Or
78%
Darty
78%
Leclerc
78%
Malibu
78%
Mitsubishi
78%
Nickelodeon
78%
Alfa Roméo
77%
BBC
77%
Le Coq Sportif
77%
Sega
77%
Bentley
76%
Leffe
76%
Vittel
76%
Excel
75%
Linkedin
75%
Umbro
75%
Aston Martin
73%
Cartoon
73%
Dell
73%
Harley Davidson
73%
Hollywood
73%
Hyundai
73%
Kellogg's
73%
Marvel
73%
Mattel
73%
Liverpool
72%
Chicago Bulls
71%
PowerPoint
71%
Rolls Royce
71%
Skipe
71%
The North Face
71%
Acer
70%
Intel
68%
Andros
67%
Décathlon
67%
Lamborghini
67%
Mazda
67%
Petit Bateau
67%
Timberland
67%
Booking
65%
Old El Paso
64%
Ralph Lauren
64%
Shell
64%
FedEx
63%
Dropbox
60%
Adobe
58%
Mamie Nova
58%
Freegun
57%
Pirelli
57%
DreamWorks
56%
Alpine
55%
Explorer
55%
JetPunk
55%
Häagen-Dazs
50%
Harry's
47%
BP
45%
Maserati
43%
HSBC
41%
Tipiak
40%
Miko
38%
Corvette
36%
Crédit Mutuel
36%
Crocs
36%
McLaren
36%
Unilever
36%
DC Shoes
33%
1664
31%
Yamaha
30%
Joom
25%
Publisher
18%
Avast
8%
Nestley
7%
Koenigsegg
0%

Distribution des résultats

Percentile par nombre de réponses

% des personnes avec chaque résultat

Votre développement - résultats

Vous n’avez pas pris ce quiz depuis la dernière actualisation